[Event "Baden OL 0102"]
[Site "Germany"]
[Date "2002.02.24"]
[Round "6.5"]
[White "Riff, Jean Noel"]
[Black "Bosbach, Gerhard"]
[Result "1/2-1/2"]
[WhiteElo "2165"]
[BlackElo "2236"]
[PlyCount "83"]
[EventDate "2001.10.07"]
[EventType "team"]
[EventRounds "9"]
[EventCountry "GER"]
[SourceTitle "EXT 2003"]
[Source "ChessBase"]
[SourceDate "2002.11.25"]
[SourceVersion "1"]
[SourceVersionDate "2002.11.25"]
[SourceQuality "1"]
[WhiteTeam "Freiburg"]
[BlackTeam "Eppingen II"]
[WhiteTeamCountry "GER"]
[BlackTeamCountry "GER"]

1. d4 Nf6 2. Nf3 d5 3. Bf4 e6 4. e3 a6 5. Bd3 c5 6. c3 Nc6 7. Nbd2 h6 8. 0-0 Be7 9. h3 Bd7 10. Re1 Qb6 11. Qb1 0-0 12. a4 a5 13. Ne5 Rfd8 14. Ndf3 Be8 15. g4 Nxe5 16. Bxe5 Nd7 17. Bg3 Nf8 18. h4 Bd6 19. Bxd6 Qxd6 20. g5 h5 21. Ne5 c4 22. Bc2 f6 23. gxf6 gxf6 24. Nf3 Rd7 25. Kf1 Rg7 26. Ke2 Rc8 27. Rg1 Rcc7 28. Rxg7+ Rxg7 29. b3 Qa6 30. b4 b6 31. Qb2 Qa7 32. Rb1 Bg6 33. Bxg6 Nxg6 34. Kd2 Kh7 35. Qc2 Kh6 36. bxa5 Qxa5 37. Rb5 Qa7 38. Rb4 Re7 39. Qb1 Kg7 40. Qg1 b5 41. Rxb5 Qxa4 42. Rb2 1/2-1/2

[Event "Baden OL 0102"]
[Site "Germany"]
[Date "2001.11.11"]
[Round "2.5"]
[White "Bosbach, Gerhard"]
[Black "Schmid, Michael"]
[Result "1/2-1/2"]
[WhiteElo "2236"]
[BlackElo "2240"]
[PlyCount "86"]
[EventDate "2001.10.07"]
[EventType "team"]
[EventRounds "9"]
[EventCountry "GER"]
[SourceTitle "EXT 2003"]
[Source "ChessBase"]
[SourceDate "2002.11.25"]
[SourceVersion "1"]
[SourceVersionDate "2002.11.25"]
[SourceQuality "1"]
[WhiteTeam "Eppingen II"]
[BlackTeam "Konstanz"]
[WhiteTeamCountry "GER"]
[BlackTeamCountry "GER"]

1. d4 Nf6 2. c4 g6 3. Nc3 Bg7 4. e4 d6 5. Be2 0-0 6. Bg5 h6 7. Be3 Nbd7 8. Qd2 Kh7 9. h3 e5 10. dxe5 dxe5 11. Nf3 c6 12. 0-0 Qc7 13. Rfd1 Re8 14. Qc2 Nh5 15. b4 Nf4 16. Bf1 Nf8 17. Kh2 g5 18. g3 N4e6 19. Rab1 Ng6 20. b5 Bf8 21. a4 Qe7 22. a5 Qf6 23. Bg2 h5 24. a6 g4 25. hxg4 hxg4 26. Ne1 Nd4 27. Bxd4 exd4 28. axb7 Bxb7 29. bxc6 Bxc6 30. Nd5 Bxd5 31. exd5 Rac8 32. Nd3 Kg7 33. Rg1 Red8 34. c5 Qf5 35. Qc4 Bxc5 36. Qa6 Bb6 37. Rge1 Rc3 38. Kg1 Rcc8 39. Re4 Re8 40. Rxe8 Rxe8 41. Qa2 Qd7 42. Rc1 Qf5 43. Qd2 Re7 1/2-1/2

[Event "Verbandsliga Nord Baden 0001"]
[Site "Germany"]
[Date "2001.03.04"]
[Round "7.4"]
[White "Bosbach, Gerhard"]
[Black "Weisenburger, Horst"]
[Result "1-0"]
[WhiteElo "2236"]
[BlackElo "2189"]
[PlyCount "63"]
[EventDate "2000.10.??"]
[EventType "team"]
[EventRounds "9"]
[EventCountry "GER"]
[SourceTitle "EXT 2004"]
[Source "ChessBase"]
[SourceDate "2003.11.25"]
[SourceVersion "1"]
[SourceVersionDate "2003.11.25"]
[SourceQuality "1"]
[WhiteTeam "Eppingen II"]
[BlackTeam "Calw"]
[WhiteTeamCountry "GER"]
[BlackTeamCountry "GER"]

1. d4 f5 2. Nf3 g6 3. g3 Bg7 4. Bg2 Nf6 5. c4 d6 6. Nc3 0-0 7. 0-0 Qe8 8. b3 h6 9. Ba3 g5 10. Rc1 c6 11. b4 e5 12. b5 e4 13. Ne1 Qe7 14. Qd2 Nbd7 15. Na4 Nb6 16. Qb4 Nxa4 17. Qxa4 Bd7 18. bxc6 bxc6 19. Nc2 Ne8 20. e3 f4 21. Rfe1 Qf7 22. exf4 gxf4 23. Rxe4 fxg3 24. fxg3 Qf2+ 25. Kh1 Bf5 26. Rf4 Bxc2 27. Rxf8+ Bxf8 28. Qxc2 Qxd4 29. Bxc6 Rb8 30. Qg6+ Ng7 31. Bd5+ Kh8 32. Qxh6# 1-0

[Event "BL2-Sued 0001"]
[Site "Germany"]
[Date "2000.11.12"]
[Round "2.8"]
[White "Schmidt, Gerhard3333"]
[Black "Bosbach, Gerhard"]
[Result "1/2-1/2"]
[WhiteElo "2204"]
[BlackElo "2236"]
[PlyCount "34"]
[EventDate "2000.10.15"]
[EventType "team-tourn"]
[EventRounds "9"]
[EventCountry "GER"]
[SourceTitle "CBM 082 Extra"]
[Source "ChessBase"]
[SourceDate "2001.07.03"]
[SourceVersion "1"]
[SourceVersionDate "2001.07.03"]
[SourceQuality "1"]
[WhiteTeam "Bayern Muenchen"]
[BlackTeam "Eppingen"]
[WhiteTeamCountry "GER"]
[BlackTeamCountry "GER"]

1. d4 Nf6 2. Nf3 e6 3. c4 d5 4. Nc3 c6 5. e3 Nbd7 6. Qc2 Bd6 7. b3 0-0 8. Be2 dxc4 9. Bxc4 e5 10. 0-0 Re8 11. Bd3 Qc7 12. Bb2 exd4 13. exd4 Nf8 14. Ne4 Nxe4 15. Bxe4 Ng6 16. h3 Bf4 17. Rfe1 Be6 1/2-1/2

[Event "BL2-Sued 9900"]
[Site "Germany"]
[Date "2000.04.09"]
[Round "9.6"]
[White "Balzar, Andreas"]
[Black "Bosbach, Gerhard"]
[Result "1-0"]
[WhiteElo "2337"]
[BlackElo "2244"]
[PlyCount "101"]
[EventDate "1999.10.10"]
[EventType "team-tourn"]
[EventRounds "9"]
[EventCountry "GER"]
[SourceTitle "CBM 075 Extra"]
[Source "ChessBase"]
[SourceDate "2000.05.11"]
[SourceVersion "2"]
[SourceVersionDate "2000.05.11"]
[SourceQuality "1"]
[WhiteTeam "Baiertal/Schatthausen"]
[BlackTeam "Eppingen"]
[WhiteTeamCountry "GER"]
[BlackTeamCountry "GER"]

1. e4 c5 2. Nf3 e6 3. d4 cxd4 4. Nxd4 a6 5. Nc3 Qc7 6. Bd3 Nf6 7. 0-0 Nc6 8. Nxc6 bxc6 9. Qe2 d5 10. Bg5 Be7 11. e5 Nd7 12. Bxe7 Kxe7 13. f4 g6 14. Na4 a5 15. Kh1 Qa7 16. c4 Ba6 17. Rad1 Nb6 18. Nxb6 Qxb6 19. b3 Rhd8 20. Rfe1 dxc4 21. Bxc4 Bxc4 22. Qxc4 Rd5 23. Rc1 c5 24. Red1 Rad8 25. Rxd5 Rxd5 26. h3 h5 27. Kh2 Qb4 28. Rc2 Qe1 29. Qe2 Qa1 30. Qf2 Qd4 31. Qxd4 Rxd4 32. Rxc5 a4 33. Rc4 Rxc4 34. bxc4 Kd7 35. Kg3 Kc6 36. Kh4 Kc5 37. Kg5 Kxc4 38. Kf6 Kb4 39. Kxf7 Ka3 40. Kxe6 Kxa2 41. Kf7 a3 42. e6 Kb3 43. e7 a2 44. e8Q a1Q 45. Qb5+ Kc2 46. Qc4+ Kd2 47. Qd5+ Kc2 48. Kxg6 Qh8 49. f5 Qe8+ 50. Kg5 Qg8+ 51. Qxg8 1-0

[Event "BL2-Sued 9900"]
[Site "Germany"]
[Date "2000.03.26"]
[Round "8.7"]
[White "Wegerle, Joerg"]
[Black "Bosbach, Gerhard"]
[Result "1/2-1/2"]
[WhiteElo "2132"]
[BlackElo "2244"]
[PlyCount "47"]
[EventDate "1999.10.10"]
[EventType "team-tourn"]
[EventRounds "9"]
[EventCountry "GER"]
[SourceTitle "CBM 075 Extra"]
[Source "ChessBase"]
[SourceDate "2000.05.11"]
[SourceVersion "2"]
[SourceVersionDate "2000.05.11"]
[SourceQuality "1"]
[WhiteTeam "Viernheim"]
[BlackTeam "Eppingen"]
[WhiteTeamCountry "GER"]
[BlackTeamCountry "GER"]

1. c4 e5 2. g3 Nc6 3. Bg2 Nf6 4. Nc3 Be7 5. e4 0-0 6. Nge2 Re8 7. 0-0 Bc5 8. d3 Nd4 9. Rb1 a5 10. a3 d6 11. Nxd4 Bxd4 12. h3 c6 13. Kh2 Be6 14. Ne2 Bb6 15. f4 exf4 16. Nxf4 d5 17. cxd5 cxd5 18. e5 Nd7 19. d4 Nf8 20. Be3 Ng6 21. Qd3 Qd7 22. Nxe6 fxe6 23. h4 Rac8 24. Bh3 1/2-1/2

[Event "BL2-Sued 9900"]
[Site "Germany"]
[Date "2000.03.12"]
[Round "7.8"]
[White "Raedeker, Bernd"]
[Black "Bosbach, Gerhard"]
[Result "1/2-1/2"]
[WhiteElo "2243"]
[BlackElo "2244"]
[PlyCount "27"]
[EventDate "1999.10.10"]
[EventType "team-tourn"]
[EventRounds "9"]
[EventCountry "GER"]
[SourceTitle "CBM 075 Extra"]
[Source "ChessBase"]
[SourceDate "2000.05.11"]
[SourceVersion "2"]
[SourceVersionDate "2000.05.11"]
[SourceQuality "1"]
[WhiteTeam "Stuttgart"]
[BlackTeam "Eppingen"]
[WhiteTeamCountry "GER"]
[BlackTeamCountry "GER"]

1. d4 Nf6 2. Nf3 e6 3. c4 b6 4. g3 Bb7 5. Bg2 Bb4+ 6. Bd2 Be7 7. Nc3 0-0 8. Qc2 c5 9. d5 exd5 10. Ng5 Na6 11. Nxd5 Bxd5 12. Bxd5 Rb8 13. Bc3 g6 14. Bg2 1/2-1/2

[Event "BL2-Sued 9899"]
[Site "Germany"]
[Date "1999.02.21"]
[Round "6.7"]
[White "Bosbach, Gerhard"]
[Black "Welker, Michael"]
[Result "1-0"]
[WhiteElo "2260"]
[BlackElo "2167"]
[PlyCount "87"]
[EventDate "1998.10.18"]
[EventType "team-tourn"]
[EventRounds "9"]
[EventCountry "GER"]
[SourceTitle "GER-chT2"]
[Source "ChessBase"]
[SourceDate "1999.07.01"]
[SourceVersion "1"]
[SourceVersionDate "1999.07.01"]
[SourceQuality "1"]
[WhiteTeam "Eppingen"]
[BlackTeam "Schmiden Cannstatt"]
[WhiteTeamCountry "GER"]
[BlackTeamCountry "GER"]

1. d4 d5 2. c4 Bf5 3. Nc3 e6 4. cxd5 exd5 5. Bf4 Nc6 6. e3 Nf6 7. Bd3 Bxd3 8. Qxd3 Be7 9. Nf3 0-0 10. 0-0 Nh5 11. Qb5 Nxf4 12. exf4 Nb4 13. Rad1 c6 14. Qe2 a5 15. a3 Na6 16. g3 Re8 17. Qd3 Bd6 18. h4 f6 19. h5 Qd7 20. Kg2 Nc7 21. Rh1 Ne6 22. f5 Ng5 23. Nxg5 fxg5 24. h6 gxh6 25. Rxh6 Bf8 26. Rh3 Re7 27. g4 Rae8 28. Re3 Rxe3 29. fxe3 Qe7 30. Re1 Qd6 31. Rf1 Bg7 32. Rf3 Rf8 33. Ne2 Rf6 34. Ng3 Rh6 35. Nh5 Bf6 36. e4 dxe4 37. Qxe4 Bxd4 38. f6 Kf7 39. Rd3 c5 40. Qxb7+ Ke6 41. Ng7+ Ke5 42. Qe7+ Kd5 43. Qxd6+ Kxd6 44. Nf5+ 1-0

[Event "BL2-Sued 9899"]
[Site "Germany"]
[Date "1998.12.13"]
[Round "3.7"]
[White "Bach, Edwin"]
[Black "Bosbach, Gerhard"]
[Result "1-0"]
[WhiteElo "2310"]
[BlackElo "2225"]
[PlyCount "75"]
[EventDate "1998.10.18"]
[EventType "team-tourn"]
[EventRounds "9"]
[EventCountry "GER"]
[SourceTitle "GER-chT2"]
[Source "ChessBase"]
[SourceDate "1999.07.01"]
[SourceVersion "1"]
[SourceVersionDate "1999.07.01"]
[SourceQuality "1"]
[WhiteTeam "Karlsruhe"]
[BlackTeam "Eppingen"]
[WhiteTeamCountry "GER"]
[BlackTeamCountry "GER"]

1. e4 c5 2. Nf3 e6 3. d4 cxd4 4. Nxd4 a6 5. Bd3 Nf6 6. 0-0 Qc7 7. Qe2 d6 8. c4 g6 9. Nc3 Bg7 10. Rd1 0-0 11. Nf3 Nbd7 12. Bf4 Nh5 13. Be3 Rd8 14. Rac1 b6 15. Bb1 Bb7 16. b3 Rac8 17. h3 Qb8 18. Qd2 Bf8 19. Bg5 Re8 20. Bh6 Be7 21. Bg5 Nhf6 22. Nd4 Ba8 23. Be3 Nc5 24. f3 Bf8 25. Bf2 Qb7 26. Re1 Ncd7 27. Bd3 Ne5 28. Bf1 Rcd8 29. Qb2 Bh6 30. Rcd1 Nh5 31. Nde2 g5 32. a4 Bg7 33. Qc1 h6 34. Qe3 d5 35. cxd5 exd5 36. Nxd5 b5 37. axb5 Qxb5 38. Ng3 1-0

[Event "Bundesliga 9697"]
[Site "Germany"]
[Date "1997.??.??"]
[Round "?.6"]
[White "Bosbach, Gerhard"]
[Black "Lau, Ralf"]
[Result "0-1"]
[WhiteElo "2265"]
[BlackElo "2500"]
[PlyCount "48"]
[EventDate "1996.10.12"]
[EventType "team-tourn"]
[EventRounds "15"]
[EventCountry "GER"]
[SourceTitle "GER-chT"]
[Source "ChessBase"]
[SourceDate "1999.07.01"]
[SourceVersion "1"]
[SourceVersionDate "1999.07.01"]
[SourceQuality "1"]
[WhiteTeam "Eppingen"]
[BlackTeam "Solingen"]
[WhiteTeamCountry "GER"]
[BlackTeamCountry "GER"]

1. d4 Nf6 2. c4 c5 3. d5 e6 4. Nc3 exd5 5. cxd5 d6 6. e4 g6 7. f4 Bg7 8. Bb5+ Nfd7 9. a4 0-0 10. Nf3 Na6 11. 0-0 Nc7 12. Bd3 a6 13. Bd2 Rb8 14. Rb1 b5 15. axb5 axb5 16. b4 cxb4 17. Rxb4 Nc5 18. Qb1 Bd7 19. e5 N7a6 20. Rb2 b4 21. Bxa6 bxc3 22. Rxb8 Qxb8 23. Bxc3 Nxa6 24. Qe1 Bb5 0-1

[Event "Bundesliga 9697"]
[Site "Germany"]
[Date "1997.??.??"]
[Round "?.6"]
[White "Hedke, Fred"]
[Black "Bosbach, Gerhard"]
[Result "1/2-1/2"]
[WhiteElo "2355"]
[BlackElo "2265"]
[PlyCount "38"]
[EventDate "1996.10.12"]
[EventType "team-tourn"]
[EventRounds "15"]
[EventCountry "GER"]
[SourceTitle "GER-chT"]
[Source "ChessBase"]
[SourceDate "1999.07.01"]
[SourceVersion "1"]
[SourceVersionDate "1999.07.01"]
[SourceQuality "1"]
[WhiteTeam "Werder Bremen"]
[BlackTeam "Eppingen"]
[WhiteTeamCountry "GER"]
[BlackTeamCountry "GER"]

1. e4 c5 2. c3 Nf6 3. e5 Nd5 4. d4 cxd4 5. Bc4 Nb6 6. Bb3 d5 7. exd6 Qxd6 8. cxd4 Be6 9. Nc3 Bxb3 10. Qxb3 e6 11. Nf3 Be7 12. 0-0 0-0 13. Nb5 Qd8 14. Bf4 Nd5 15. Bg3 Nc6 16. Nc3 Na5 17. Qb5 a6 18. Qd3 Rc8 19. Ne5 Nc6 1/2-1/2

[Event "Bundesliga 9697"]
[Site "Germany"]
[Date "1996.??.??"]
[Round "?.7"]
[White "Bosbach, Gerhard"]
[Black "Goldberg, Alexander"]
[Result "0-1"]
[WhiteElo "2265"]
[BlackElo "2390"]
[PlyCount "80"]
[EventDate "1996.10.12"]
[EventType "team-tourn"]
[EventRounds "15"]
[EventCountry "GER"]
[SourceTitle "GER-chT"]
[Source "ChessBase"]
[SourceDate "1999.07.01"]
[SourceVersion "1"]
[SourceVersionDate "1999.07.01"]
[SourceQuality "1"]
[WhiteTeam "Eppingen"]
[BlackTeam "Dresden"]
[WhiteTeamCountry "GER"]
[BlackTeamCountry "GER"]

1. d4 Nf6 2. c4 e6 3. Nc3 Bb4 4. e3 Nc6 5. Nge2 Ne4 6. Qc2 d5 7. a3 Nxc3 8. Nxc3 Bxc3+ 9. Qxc3 0-0 10. Be2 e5 11. dxe5 d4 12. exd4 Nxd4 13. Be3 Nxe2 14. Kxe2 Qh4 15. h3 Be6 16. b3 f6 17. exf6 Rxf6 18. Kf1 Raf8 19. Qd2 Rg6 20. Qd4 Qg3 21. Qe4 Qd6 22. Kg1 Bf5 23. Qxb7 c6 24. Rh2 Be4 25. Qb4 Qxh2+ 26. Kxh2 Rxg2+ 27. Kh1 Rgxf2+ 28. Kg1 Rg2+ 29. Kh1 Ra2+ 30. Kg1 Rxa1+ 31. Kh2 Rh1+ 32. Kg3 Rf3+ 33. Kg4 h5+ 34. Kg5 Rxe3 35. Qb8+ Kh7 36. Qxa7 Rhxh3 37. Qc5 Bg6 38. a4 Rhg3+ 39. Kf4 Rgf3+ 40. Kg5 Rf5+ 0-1

[Event "BL2-Sued 9596"]
[Site "Germany"]
[Date "1996.??.??"]
[Round "?.6"]
[White "Bosbach, Gerhard"]
[Black "Grathwohl, Roland"]
[Result "1/2-1/2"]
[WhiteElo "2275"]
[BlackElo "2285"]
[PlyCount "42"]
[EventDate "1995.10.??"]
[EventType "team-tourn"]
[EventRounds "9"]
[EventCountry "GER"]
[SourceTitle "GER-chT2"]
[Source "ChessBase"]
[SourceDate "1999.07.01"]
[SourceVersion "1"]
[SourceVersionDate "1999.07.01"]
[SourceQuality "1"]
[WhiteTeam "Eppingen"]
[BlackTeam "Heidelberg"]
[WhiteTeamCountry "GER"]
[BlackTeamCountry "GER"]

1. d4 Nf6 2. c4 e6 3. Nc3 Bb4 4. e3 b6 5. Nf3 Bb7 6. Bd3 Ne4 7. Qc2 f5 8. 0-0 Bxc3 9. bxc3 0-0 10. Nd2 Qh4 11. f3 Ng5 12. e4 fxe4 13. Nxe4 Nxe4 14. Bxe4 Bxe4 15. Qxe4 Qxe4 16. fxe4 Nc6 17. Rb1 e5 18. d5 Na5 19. c5 Rxf1+ 20. Kxf1 Nb7 21. Be3 d6 1/2-1/2